Normal view
MARC view
Entry Personal Name
001 - CONTROL NUMBER
- control field: 31806
003 - CONTROL NUMBER IDENTIFIER
- control field: dpl
005 - DATE AND TIME OF LATEST TRANSACTION
- control field: 20110808121018.0
008 - FIXED-LENGTH DATA ELEMENTS
- fixed length control field: 110808|||a|||||| | ||| d
040 ## - CATALOGING SOURCE
- Original cataloging agency: dpl
- Transcribing agency: dpl
100 ## - HEADING--PERSONAL NAME
- Personal name: Rich, Katherine Russell.
670 ## - SOURCE DATA FOUND
- Source citation: Work cat.: (dpl)43598: Rich, Katherine Russell., The red devil :, 2010
670 ## - SOURCE DATA FOUND
- Source citation: Work cat.: (dpl)43598: Rich, Katherine Russell., The red devil :, 2010
